Mindfulness and the art of change by choice : radical leadership for managing change

Bibliographic Details
Main Author: Cox-Hynd, Philip
Format: Book
Published: UK : Panoma Press Ltd , 2017
Subjects:

MARC

LEADER 00000cam a2200000 7i4500
001 0000218321
005 20180117.0
020 |a 9781784520960 
090 0 0 |a 158.1   |b COX 
100 1 |a Cox-Hynd, Philip 
245 1 0 |a Mindfulness and the art of change by choice :   |b radical leadership for managing change   |c Philip Cox-Hynd 
260 |a UK :   |b Panoma Press Ltd ,   |c 2017 
300 |a 254p. ;   |c 24cm. 
650 0 |a Change (Psychology) 
650 0 |a Mindfulness (Psychology) 
999 |a 00346131   |b BUKU   |c PINJAMAN   |e PERPUSTAKAAN KOMUNITI PETALING JAYA 
999 |a 00351386   |b BUKU   |c PINJAMAN   |e PERPUSTAKAAN KOMUNITI PETALING JAYA